| 000 | 01039nam a2200193 a 4500 | ||
|---|---|---|---|
| 008 | 120416s1975 ||||||||||||||||| || u | ||
| 050 | _aJQ 2845 Dre | ||
| 100 | _aDresang, Dennis L | ||
| 245 | 1 | 4 | _aThe Zambian Civil service |
| 246 | _aenterpreneuralism and development administration | ||
| 260 |
_aNairobi _bEast African Publishing House _c1975 |
||
| 350 | _a0.00 | ||
| 650 | _aCIVIL SERVICE--ZAMBIA | ||
| 650 | _aADMINISTRATION | ||
| 995 |
_aBINDERY (DAMAGED) _D0.00 _e700896 _FCBU-MAIN LIBRARY (Kitwe) _H2 _I8.95 _jJQ 2845 Dre _M2 _UDAMAGED _y700896 _ZMain Library Open Access Collection |
||
| 995 |
_aBINDERY (DAMAGED) _D0.00 _e700899 _FCBU-MAIN LIBRARY (Kitwe) _H4 _I8.95 _jJQ 2845 Dre _M4 _UDAMAGED _y48451 _ZMain Library Open Access Collection |
||
| 995 |
_aBINDERY (DAMAGED) _D0.00 _e700897 _FCBU-MAIN LIBRARY (Kitwe) _H1 _I8.95 _jJQ 2845 Dre _M1 _UDAMAGED _y700897 _ZMain Library Open Access Collection |
||
| 995 |
_aBINDERY (DAMAGED) _D0.00 _e700898 _FCBU-MAIN LIBRARY (Kitwe) _H3 _I8.95 _jJQ 2845 Dre _M3 _UDAMAGED _y700898 _ZMain Library Open Access Collection |
||
| 999 |
_c83420 _d83420 |
||